LEADER 01175nam a2200265 u 4500 001 000000089775 003 CaOOAMICUS 005 20070226124643.0 008 051017s2000 it u000 u ita u 020 $a88-221-0312-2 035 $a11070814 040 $aPUL$bita 100 1 $aCanevaro, Andrea,$d1939-$0(OLS)http://pul/name/58119 245 13$a"I bambini che si perdono nel bosco" :$bidentità e linguaggio nell'infanzia /$cAndrea Canevaro. 260 $aScandicci (Firenze) :$bLa Nuova Italia,$cc2000. 300 $aviii, 137 p. ;$c21 cm 490 1 $aDidattica viva ;$v33 650 4$aLinguaggio infantile.$0(OLS)http://pul/subject/15536 830 0$aDidattica viva ;$v33.$0(OLS)http://pul/title/115905 850 $aPUL 852 $aPUL$W1$xSL Filosofia 3$y81$m155. 4 CANAN 1$j113442$nBK-PRI$b $qDDC 21$B113442$CPULBib$Z2$F113442 $HPUL99840 $81 941 1 $a9 996 $6020$a88-221-0312-2$9(OLS)http://pul/number/117744 996 $6245$a"I bambini che si perdono nel bosco" :$bidentità e linguaggio nell'infanzia$9(OLS)http://pul/title/115904 996 $6260$aScandicci (Firenze) :$bLa Nuova Italia$9(OLS)http://pul/publisher/48287 LEADER 00832nam a2200229 a 4500 001 000000140113 003 CaOOAMICUS 005 20141021102746.0 008 141021s1907 it u000 u ita r 040 $aPUL$bita 100 0 $aJorjch.$0(OLS)http://pul/name/90364 245 10$aCalendario di santi laici /$cJorjch. 260 $aVelletri :$bStab. Tip. "Pio Stracca",$c1907. 300 $a116 p. ;$c22 cm 500 $aEstratto dal Giornale "L'Artemisio" di Velletri. 650 4$aSanti.$0(OLS)http://pul/subject/20 850 $aPUL 852 $aPUL$W1$xDP1 Religione 1$y20$m621 C 24b$j161848$qStampati$B161291$CPULBib$Z2$F161291 $82 941 1 $a8 996 $6245$aCalendario di santi laici$9(OLS)http://pul/title/177365 996 $6260$aVelletri :$bStab. Tip. "Pio Stracca"$9(OLS)http://pul/publisher/53198